Big Name Concerts at Calvin College Quiz Stats

 Plays Quiz not verified by Sporcle

Support Sporcle.
Go Orange.
Score 0/65 Timer 10:00
0 Plays Today
% Correct
Switchfoot
61.1%
Lupe Fiasco
33.3%
Jars of Clay
22.2%
The New Pornographers
16.7%
OK Go
16.7%
Death Cab for Cutie
16.7%
Hootie and the Blowfish
11.1%
The Decemberists
5.6%
Will Gray
5.6%
Iron and Wine
5.6%
Jimmy Eat World
5.6%
John Mayer
5.6%
Jason Mraz
5.6%
Over the Rhine
5.6%
Ratatat
5.6%
Sufjan Stevens
5.6%
Barenaked Ladies
5.6%
The Album Leaf
0%
Anathallo
0%
Anberlin
0%
David Bazan
0%
BeauSoleil
0%
Best Coast
0%
Eric Bibb
0%
James Blackshaw
0%
The Blind Boys of Alabama
0%
The Books
0%
Bowerbirds
0%
Broken Social Scene
0%
Vic Chessnut
0%
Clare and the Reasons
0%
Judy Collins
0%
Colour Revolt
0%
% Correct
Baby Dee
0%
The Dutchess & the Duke
0%
Extra Golden
0%
Fiction Family
0%
Fleet Foxes
0%
Frontier Ruckus
0%
Great Lake Swimmers
0%
The Greencards
0%
Gungor
0%
The Hold Steady
0%
Jack Johnson
0%
The Katinas
0%
K'Naan
0%
La Dispute
0%
Julie Lee
0%
Lifehouse
0%
Laura Marling
0%
Mates of State
0%
mewithoutyou
0%
Midlake
0%
The Mountain Goats
0%
Mucca Pazza
0%
My Brightest Diamond
0%
Rogue Wave
0%
Derek Webb
0%
The Weepies
0%
The Welcome Wagon
0%
Aqualung
0%
Caedmon's Call
0%
Dave Matthew's Man
0%
Explosions in the Sky
0%
Five Iron Frenzy
0%

You're not logged in!

Compare scores with friends on all Sporcle quizzes.
OR
Log In

From the Vault

Erase Africa by Capital

by goc3

Because capital quizzes weren't hard enough already.
Remove Ads.
Support Sporcle.
Get the best of Sporcle when you Go Orange. This ad-free experience offers more features, more stats, and more fun while also helping to support Sporcle. Thank you for becoming a member.

Show Comments

Extras

Created Mar 6, 2011ReportNominate
Tags:College Quiz, Calvin, Concert

Top Quizzes Today


Score Distribution

Your Account Isn't Verified!

In order to create a playlist on Sporcle, you need to verify the email address you used during registration. Go to your Sporcle Settings to finish the process.

Report this User

Report this user for behavior that violates our Community Guidelines.

Details: